Statistiques concernant Les lignes de l'agglomération fribourgeoise

Cliquez ici pour prendre le quiz!

Statistiques générales

  • Ce quiz a été pris 7 fois
  • Le résultat moyen est 13 sur 22

Statistiques - réponses

LigneArrêts% Correct
Ligne 1Marly, Gérine
100%
Ligne 8Corminboeuf, anc. poste
83%
Ligne 3Fribourg, Charmettes
83%
Ligne 2Fribourg, Schoenberg Dunant
83%
Ligne 3Givisiez, Mont-Carmel
83%
Ligne 8Marly, Piscine
83%
Ligne 2Villars-sur-Glâne, Les Dailles
83%
Ligne 4Fribourg, Auge Sous-Pont
67%
Ligne 6Fribourg, Musy
67%
Ligne 1Granges-Paccot, Portes-de-Fribourg
67%
Ligne 5Villars-sur-Glâne, gare
67%
Ligne 7Fribourg/Freiburg, gare routière
50%
Ligne 4Fribourg/Freiburg, gare routière
50%
Ligne 11Fribourg/Freiburg, gare routière
50%
Ligne 6Fribourg, Guintzet
50%
Ligne 5Fribourg, Torry
50%
Ligne 9Corminboeuf, Jo-Siffert
33%
Ligne 10Givisiez, La Faye
33%
Ligne 11Rosé, gare
33%
Ligne 9Fribourg, Plateau-de-Pérolles
17%
Ligne 10Fribourg, Plateau-de-Pérolles
17%
Ligne 7Villars-sur-Glâne, Petit-Moncor
17%

Distribution des résultats

Percentile par nombre de réponses

% des personnes avec chaque résultat

Votre développement - résultats

Vous n’avez pas pris ce quiz